书目信息 |
| 题名: |
计算机组成原理与组装维护实践教程
|
|
| 作者: | 童世华 , 杨玉平 主编 | |
| 分册: | ||
| 出版信息: | 北京 清华大学出版社 2025.08 |
|
| 页数: | 304页 | |
| 开本: | 26cm | |
| 丛书名: | 21世纪高等学校计算机类课程创新系列教材 | |
| 单 册: | ||
| 中图分类: | TP301 | |
| 科图分类: | ||
| 主题词: | 计算技术 , 电子计算机 | |
| 电子资源: | ||
| ISBN: | 978-7-302-69011-5 | |
| 000 | 00962nam0 2200277 450 | |
| 001 | 2631572883 | |
| 005 | 20260529085057.32 | |
| 010 | @a978-7-302-69011-5@dCNY59.00 | |
| 100 | @a20260529d2025 km y0chiy0120 ea | |
| 101 | 0 | @achi |
| 102 | @aCN@b110000 | |
| 200 | 1 | @a计算机组成原理与组装维护实践教程@AJi Suan Ji Zu Cheng Yuan Li Yu Zu Zhuang Wei Hu Shi Jian Jiao Cheng@e微课视频版@f童世华,杨玉平主编@FTong Shi Hua,Yang Yu Ping Zhu Bian |
| 205 | @a2版 | |
| 210 | @a北京@c清华大学出版社@d2025.08 | |
| 215 | @a304页@d26cm | |
| 225 | 2 | @a21世纪高等学校计算机类课程创新系列教材 |
| 410 | 0 | @12001 @a21世纪高等学校计算机类课程创新系列教材 |
| 503 | @n河南城建学院图书馆 | |
| 517 | 1 | @a微课视频版@AWei Ke Shi Pin Ban |
| 606 | 0 | @a计算技术 |
| 606 | 0 | @a电子计算机 |
| 690 | @aTP301@v4 | |
| 701 | 0 | @a童世华@ATong Shi Hua@4主编 |
| 701 | 0 | @a杨玉平@AYang Yu Ping@4主编 |
| 801 | 0 | @aCN@b大连网信软件有限公司图书馆·11@c20260529 |
| 905 | @aZUCC@dTP301@eT8561=2 | |
| 计算机组成原理与组装维护实践教程:微课视频版/童世华,杨玉平主编.-2版.-北京:清华大学出版社,2025.08 |
| 304页;26cm.-(21世纪高等学校计算机类课程创新系列教材) |
| ISBN 978-7-302-69011-5:CNY59.00 |
| ● |
| 相关链接 |
|
|
|
正题名:计算机组成原理与组装维护实践教程
索取号:TP301/T8561=2
 
预约/预借
| 序号 | 登录号 | 条形码 | 馆藏地/架位号 | 状态 | 备注 |
| 1 | 1556915 | 215569150 | 计算机与数据科学学院资料室/ [索取号:TP301/T8561=2] | 在馆 |